000
00387nam a22001577a 4500
003
MPLRDC
005
20220104123812.0
008
210129b ||||| |||| 00| 0 eng d
082
_a
782.89 LBY
100
_a
刘宾雁等 著
245
_a
文学和文学家的故事
_c
260
_a
_b
广角镜出版社
_c
1981
300
_b
平
650
_a
中国传记
942
_c
BK
_o
782.89 LBY
999
_c
14315
_d
14305